Growth to limits of female labor participation in Latin America’s unequal care regime /
Guardat en:
| Autor principal: | |
|---|---|
| Altres autors: | |
| Format: | Llibre |
| Idioma: | English |
| Accés en línia: | texto completo desde el sitio de la revista |
| Etiquetes: |
Afegir etiqueta
Sense etiquetes, Sigues el primer a etiquetar aquest registre!
|
MARC
| LEADER | 00000nam a22000007a 4500 | ||
|---|---|---|---|
| 003 | cru CIDCACS/IIS | ||
| 005 | 20200207103339.0 | ||
| 007 | ta | ||
| 008 | 200207s2019 -uk|||p|r||||||0| ||eng | | ||
| 999 | |c 42932 |d 42932 | ||
| 040 | |c cru CIDCACS/IIS | ||
| 100 | 1 | |9 9051 |a Filgueira, Fernando | |
| 245 | 1 | |a Growth to limits of female labor participation in Latin America’s unequal care regime / |c Fernando Filgueira, Juliana Martínez Franzoni | |
| 300 | |a páginas 245-275 : |b tablas, gráficos | ||
| 700 | 1 | |9 5912 |a Martínez Franzoni, Juliana | |
| 773 | 0 | |0 40836 |9 4350 |d Reino Unido : Oxford University Press |o 19116 |t Social Politics: |x 10724745 | |
| 856 | |u https://academic.oup.com/sp/article/26/2/245/5519013 |y texto completo desde el sitio de la revista | ||
| 942 | |2 ddc |c PP | ||
